Paesi Casuali sulla Mappa dell'Africa - Statistics

Statistiche generali
  • Questo quiz è stato fatto 20.516 volte
  • Il punteggio medio è 12 su 15
Risposte nella Mappa
Le risposte nella mappa del quiz sottostante sono codificate secondo una scala di colori dal rosso al verde in base alla % di persone che hanno risposto correttamente.
 
Statistiche sulle risposte
Paese % Corretto
Egitto
99%
Algeria
98%
Marocco
98%
Libia
97%
Tunisia
97%
Madagascar
96%
Sudafrica
96%
Repubblica Democratica del Congo
92%
Somalia
91%
Etiopia
90%
Sudan
89%
Niger
88%
Eritrea
86%
Mali
84%
Mauritania
84%
Nigeria
83%
Lesotho
82%
Senegal
82%
Kenya
81%
Ciad
80%
Angola
79%
Capo Verde
79%
Mozambico
77%
Namibia
77%
Togo
77%
Repubblica del Congo
76%
Sud Sudan
76%
Costa d'Avorio
75%
Ghana
74%
Guinea
74%
Repubblica Centrafricana
73%
Tanzania
73%
Botswana
72%
Swaziland
72%
Uganda
72%
Camerun
71%
Seychelles
71%
Gibuti
70%
Zambia
70%
Benin
69%
Comoros
68%
Ruanda
68%
Liberia
67%
Sao Tome e Principe
67%
Sierra Leone
67%
Zimbabwe
67%
Burkina Faso
66%
Gambia
66%
Mauritius
66%
Guinea Equatoriale
65%
Burundi
64%
Malawi
64%
Guinea-Bissau
62%
Gabon
61%
Nessun quiz corrispondente trovato
Distribuzione punteggi
Percentuale di utenti per punteggio
Percentile per numero di risposta
I tuoi punteggi nel tempo
Non hai fatto questo quiz